000
00285 a2200133 4500
001
12567
082
_a
629.133 EBB
090
_c
9579
_d
9579
100
_a
Ebbutt,G
245
_a
Jane's : C4I Systems 2005 - 2006, 17/e
250
_a
17
260
_b
Jane's INFO
740
_a
C 41
942
_a
NUST-CAE
_k
629.133 EBB
999
_c
247640
_d
247640